Fundamentals of Nursing : (Record no. 10895)
[ view plain ]
| 000 -LEADER | |
|---|---|
| fixed length control field | 00992cam a22002894a 4500 |
| 001 - CONTROL NUMBER | |
| control field | 13097775 |
| 005 - DATE AND TIME OF LATEST TRANSACTION | |
| control field | 20201128013525.0 |
| 008 - FIXED-LENGTH DATA ELEMENTS--GENERAL INFORMATION | |
| fixed length control field | 030221s2004 njua b 001 0 eng |
| 010 ## - LIBRARY OF CONGRESS CONTROL NUMBER | |
| LC control number | 2003043868 |
| 020 ## - INTERNATIONAL STANDARD BOOK NUMBER | |
| International Standard Book Number | 0131976532 |
| 020 ## - INTERNATIONAL STANDARD BOOK NUMBER | |
| International Standard Book Number | 9780131976535 |
| 040 ## - CATALOGING SOURCE | |
| Original cataloging agency | DLC |
| Transcribing agency | DLC |
| Modifying agency | DLC |
| 042 ## - AUTHENTICATION CODE | |
| Authentication code | pcc |
| 050 00 - LIBRARY OF CONGRESS CALL NUMBER | |
| Classification number | RT41 |
| Item number | .F8813 2004 |
| 082 00 - DEWEY DECIMAL CLASSIFICATION NUMBER | |
| Classification number | 610.73 |
| Edition number | 21 |
| Item number | KOZ |
| 100 1# - MAIN ENTRY--PERSONAL NAME | |
| 9 (RLIN) | 2165 |
| Personal name | Kozier, Barbara. |
| 245 00 - TITLE STATEMENT | |
| Title | Fundamentals of Nursing : |
| Remainder of title | Concepts, Process, and Practice / |
| Statement of responsibility, etc | Barbara Kozier ... [et al.]. |
| 260 ## - PUBLICATION, DISTRIBUTION, ETC. (IMPRINT) | |
| Place of publication, distribution, etc | Harlow : |
| Name of publisher, distributor, etc | Prentice Hall Health, |
| Date of publication, distribution, etc | c2008. |
| 300 ## - PHYSICAL DESCRIPTION | |
| Extent | xix, 786 p. : |
| Other physical details | ill. (chiefly col.) ; |
| Dimensions | 28 cm. |
| 504 ## - BIBLIOGRAPHY, ETC. NOTE | |
| Bibliography, etc | Includes index. |
| 538 ## - SYSTEM DETAILS NOTE | |
| System details note | Minimum system requirements: Windows 98 or newer and Power Macintosh. |
| 650 #0 - SUBJECT ADDED ENTRY--TOPICAL TERM | |
| Topical term or geographic name as entry element | Nursing. |
| 9 (RLIN) | 4470 |
| 650 12 - SUBJECT ADDED ENTRY--TOPICAL TERM | |
| Topical term or geographic name as entry element | Nursing Process. |
| 9 (RLIN) | 4471 |
| 650 22 - SUBJECT ADDED ENTRY--TOPICAL TERM | |
| 9 (RLIN) | 4472 |
| Topical term or geographic name as entry element | Nursing care |
| 942 ## - ADDED ENTRY ELEMENTS (KOHA) | |
| Source of classification or shelving scheme | Dewey Decimal Classification |
| Item type | |
| Withdrawn status | Item status | Source of classification or shelving scheme | Damaged status | Not for loan | Vendor | Home library | Current library | Shelving location | Date acquired | Source of acquisition | Cost, normal purchase price | Serial Enumeration / chronology | Total Checkouts | Total Renewals | Full call number | Barcode | Date last seen | Date last borrowed | Koha item type |
|---|---|---|---|---|---|---|---|---|---|---|---|---|---|---|---|---|---|---|---|
| Dewey Decimal Classification | Central Library | Central Library | First floor | 19/02/2009 | 431.00 | 0922 | 41 | 34 | 610.73 KOZ | 000014846 | 15/07/2025 | 10/12/2013 | NB - Book (Non borrowing) | ||||||
| Dewey Decimal Classification | Central Library | Central Library | First floor | 04/03/2009 | 431.00 | 10 | 610.73 KOZ | 000022392 | 24/08/2022 | 03/11/2011 | CD | DVD - With book | ||||||||
| Dewey Decimal Classification | Central Library | Central Library | First floor | 08/03/2009 | 431.00 | 55 | 78 | 610.73 KOZ | 000015166 | 15/07/2025 | 14/10/2023 | Book - Borrowing |